000 00330nam a2200145Ia 4500
003 OSt
005 20240226115746.0
008 170524s9999 xx 000 0 und d
020 _a978-9353168148
040 _cIIMT UNIVERSITY
100 _aKoontz Harold
245 0 _aEssentials of Management
260 _aTMH
942 _2ddc
_c01
999 _c3010
_d3010